00559nam a2200181Ia 450000500170000000800410001702000150005808200130007310000190008624500770010526000390018230000200022165000110024165000110025294200060026395200950026999900130036420240704011859.0240331s9999 xx 000 0 und d a0803945450 a155bERI aErickson, B.M  0aHelping men chenge :bthe role of the female therapistcBeth M. Erickson aNew DelhibSage Publicationsc1993 axvii, 470 p ., aGender aSocial cL 001040708LaWERCLbWERCLcSSCd2024-03-31l0o 155 ERIp3384r2024-03-31w2024-03-31yL c741d741